000 005250000a22001810004500
003 MACL
005 20160224173331.0
008 160224b xxu||||| |||| 00| 0 eng d
040 _aMACL
_cMACL
041 _aHindi
082 _a570
100 _aकार्लटन एस कून
_940200
245 _aमानव की कहानी
260 _bआत्‍मा राम एण्‍ड संस
_c1965
_aदिल्‍ली
350 _a7.50
650 _aLife Sci.
_940201
942 _cHIN
_k570
_2ddc
999 _c25548
_d25548